Querido Fantasma: once casos para resolver

Na minha lista:
Detalhes bibliográficos
Main Authors: Balcells, Jacqueline (Author), Güiraldes, Ana María (Author)
Formato: Livro
Idioma:espanhol
Publicado em: Santiago Andrés Bello 1996
Edição:4a. ed
Colecção:Colección Andrés Bello, 116
Assuntos:
Tags: Adicionar Tag
Sem tags, seja o primeiro a adicionar uma tag!

MARC

LEADER 00000nam a2200000 a 4500
001 UCH6130
003 CL-VaPUC
008 091109e19960000CL |||||||||||||||||spa|d
020 |a 9561310341 
082 0 4 |a Ch863  |b BAL  |2 21 
100 0 |a Balcells, Jacqueline  |e author  |9 542510 
700 |a Güiraldes, Ana María  |e author  |9 571895 
245 1 0 |a Querido Fantasma: once casos para resolver 
250 |a 4a. ed 
300 |a 114 p 
942 |c BK 
945 |d 20091109 00:00:00  |a ccalabra 
260 |a Santiago  |b Andrés Bello  |c 1996 
500 |a A partir de 9 años de edad. Nivel 2 
650 0 |a Literatura  |9 259151 
650 0 |a Literatura chilena   |9 308278 
650 0 |a Novelas chilenas   |9 265425 
650 0 |a Escritores chilenos   |9 420370 
650 0 |a Cuentos  |9 308079 
650 0 |a Cuentos infantiles  |9 308044 
650 7 |a JUEGOS DIDACTICOS  |2 CL-VaPUC  |9 372975 
650 0 |a Ficción   |9 376687 
651 7 |a CHILE  |2 CL-VaPUC  |9 542512 
583 |a last modification  |c 20091109 00:00:00  |k Rodrigo Vera 
490 0 |a Colección Andrés Bello, 116 
999 |c 337086  |d 337084